| Tag |
First Indicator |
Second Indicator |
Subfields |
| LEADER |
00000nam a2200000Ia 4500 |
| 001 |
in00004239608 |
| 005 |
20200807093757.0 |
| 006 |
m g d |
| 007 |
cr bn |||a|bb| |
| 008 |
850508s1675 enk o 00| | eng d |
| 035 |
|
|
|a (OCoLC)12011448
|
| 040 |
|
|
|a EAA
|c EAA
|d m/c
|d EAA
|d UMI
|d WaOLN
|
| 037 |
|
|
|a CL0037000003
|b ProQuest Information and Learning. 300 N. Zeeb Rd., Ann Arbor, MI 48106
|
| 041 |
1 |
|
|a eng
|h lat
|
| 049 |
|
|
|a UMIA
|
| 100 |
1 |
|
|a Barbette, Paul,
|d d. 1666?
|
| 240 |
0 |
0 |
|a Praxis Barbettiana.
|l English
|
| 245 |
1 |
4 |
|a The practice of the most successful physitian Paul Barbette ... :
|b with the notes and observations of Frederick Deckers ... /
|c faithfully rendered into English.
|
| 260 |
|
|
|a London :
|b Printed by T.R. for Henry Brome ...,
|c 1675.
|
| 300 |
|
|
|a 1 online resource ([15], 271, [1] pages)
|
| 336 |
|
|
|a text
|b txt
|2 rdacontent
|
| 337 |
|
|
|a computer
|b c
|2 rdamedia
|
| 338 |
|
|
|a online resource
|b cr
|2 rdacarrier
|
| 500 |
|
|
|a Translation of: Praxis Barbettiana.
|
| 500 |
|
|
|a Dekkers' Latin edition was first published in Leyden in 1669.
|
| 500 |
|
|
|a Reproduction of original in Harvard University Libraries.
|
| 510 |
4 |
|
|a Wing
|c B698
|
| 510 |
4 |
|
|a Arber's Term cat.
|c I 204
|
| 533 |
|
|
|a Electronic reproduction.
|b Ann Arbor, Mich. :
|c UMI,
|d 1999-
|f (Early English books online)
|n Digital version of: (Early English books, 1641-1700 ; 81:11)
|7 s1999 miun s
|
| 600 |
1 |
0 |
|a Barbette, Paul,
|d d. 1666?
|
| 650 |
|
0 |
|a Medicine
|v Early works to 1800.
|
| 700 |
1 |
|
|a Dekkers, Frederick,
|d 1644-1720.
|
| 830 |
|
0 |
|a Early English books online.
|
| 856 |
4 |
0 |
|u http://proxy.library.tamu.edu/login?url=https://search.proquest.com/docview/2248531707
|z Connect to the full text of this electronic book
|t 0
|
| 999 |
f |
f |
|s b4038a9d-ec62-3133-bf5e-015ad8f6bd3c
|i c7abdb44-62aa-37af-aa79-7c8ea631522b
|t 0
|
| 952 |
f |
f |
|a Texas A&M University
|b College Station
|c Electronic Resources
|d Available Online
|t 0
|h No information provided
|
| 998 |
f |
f |
|t 0
|l Available Online
|